000 01122cam a2200337 a 4500
001 15472239
005 20180206131813.0
008 080915s2010 mauab 001 0 eng
010 _a 2008937532
020 _a9780495005278 (comprehensive, student ed. package)
020 _a9780495793793 (student ed.)
020 _a9780495005285 (v. 1)
020 _a9780495005292 (v. 2)
040 _aDLC
_cDLC
043 _an-us---
050 0 0 _aE178.1
_b.S38 2010
100 1 _aSchultz, Kevin M.
651 0 _aUnited States
245 1 0 _aHist /
_cKevin M. Schultz.
246 3 _aHistory
250 _aStudent ed.
260 _aBoston :
_bWadsworth, Cengage Learning,
_c2010.
300 _axii, 276 p. :
_bcol. ill., col. maps ;
_c28 cm.
500 _aCover title.
500 _aIncludes index.
500 _aIncludes tear-out chapter review cards and access to online multimedia learning tools.
651 0 _xHistory
_vTextbooks.
906 _a7
_bcbc
_corignew
_d2
_eepcn
_f20
_gy-gencatlg
942 _2lcc
_cBK
999 _c52065
_d52065